| 000 | 00817nas a2200253 4500 | ||
|---|---|---|---|
| 001 | BR9802548 | ||
| 003 | BR-BrBNA | ||
| 005 | 20231205100748.0 | ||
| 007 | ta | ||
| 008 | 230509b bl.|||p| |||| 00| 00por d | ||
| 040 |
_aBR-BrBNA _bpor _cBiblioteca Nacional de Agricultura |
||
| 041 | _a(Pt) | ||
| 072 | _aL72 | ||
| 100 | 1 | _aPavanelli, G.C. | |
| 100 | 1 | _aEiras, I.C. | |
| 100 | 1 | _aGuidelli, G.M. | |
| 245 | 1 | _aNota sobre a histopatologia da parasitose de Microrchis oligovitellum lunaschi, 1987 (Trematoda - Paramphistomidae)em Parauchenipterus galeatus (Linnaeu, 1766) | |
| 650 | _aHospedeiro | ||
| 650 | _aBiologia | ||
| 650 | _aHelminto | ||
| 773 | 0 |
_tRevista Unimar (Brazil) _xISSN 0100-9354 _g(1997), v. 19(2) p. 473-478 _wBR9802548 |
|
| 909 |
_a202311 _bLúcia _c55 _dLúcia Elande |
||
| 942 |
_2AGRIS _n0 _cANA |
||
| 999 |
_c157924 _d157924 |
||